Statistics for Largest Countries by Pineapple Production

Click here to take the quiz!

General Stats

  • This quiz has been taken 23 times
  • The average score is 8 of 10

Answer Stats

Production (tons)Answer% Correct
2 317 000Brazil
95%
1 899 000China
95%
1 271 000Mexico
95%
1 799 000India
86%
2 886 000Indonesia
86%
927 000Colombia
82%
2 860 000Philippines
82%
1 800 000Thailand
77%
1 541 000Nigeria
55%
2 938 000Costa Rica
45%

Score Distribution

Percentile by Number Answered

Percent of People with Each Score

Your Score History

You have not taken this quiz